Normal view
MARC view
- Deseirto, Charity Leonie Grace S.
Entry Personal Name
001 - CONTROL NUMBER
- control field: 38586
003 - CONTROL NUMBER IDENTIFIER
- control field: OSt
005 - DATE AND TIME OF LATEST TRANSACTION
- control field: 20190426140416.0
008 - FIXED-LENGTH DATA ELEMENTS
- fixed length control field: 190426|| aca||aabn | a|a d
040 ## - CATALOGING SOURCE
- Original cataloging agency: OSt
- Transcribing agency: OSt
100 ## - HEADING--PERSONAL NAME
- Personal name: Deseirto, Charity Leonie Grace S.
670 ## - SOURCE DATA FOUND
- Source citation: Work cat.: (OSt): Deseirto, Charity Leonie Grace S., Language learning strategy and perceived communicative competence of senior high school students /, February 2019.
